Máximos goleadores de La Liga 2019-2020 - Estadísticas

Estadísticas generales
  • Esta prueba ha sido intentada 109 veces
  • La puntuación promedio es 8 de 16
Estadísticas de respuestas
Goles Nacionalidad Equipo Jugador % Correcto
25 Argentina F. C. Barcelona Lionel Messi
100%
16 Uruguay F. C. Barcelona Luis Suárez
100%
21 Francia Real Madrid C. F. Karim Benzema
98%
14 España R. C. Celta de Vigo Iago Aspas
86%
18 España Villarreal C. F. a Gerard Moreno
82%
12 España Atlético de Madrid Álvaro Morata
78%
14 Argentina Sevilla F. C. Lucas Ocampos
59%
11 Brasil Real Sociedad Willian José
59%
13 Croacia R. C. D. Mallorca Ante Budimir
44%
15 España Athletic Club Raúl García
31%
11 España Getafe C. F. Jaime Mata
28%
11 España Real Madrid C. F. Sergio Ramos
25%
11 España Deportivo Alavés Lucas Pérez
17%
11 España Levante U. D. Roger Martí
16%
11 España Villarreal C. F. Santi Cazorla
8%
11 España Deportivo Alavés Joselu Sanmartín
0%
No se encontraron pruebas coincidentes
Distribución de puntuación
Porcentaje de gente con cada puntuación
Porcentaje por número respondido
Historial de tus puntuaciones
No has intentado esta prueba.